Why buildings fall down : (Record no. 548863)
[ view plain ]
| 000 -LEADER | |
|---|---|
| fixed length control field | 00684pam a2200205 a 4500 |
| 020 ## - INTERNATIONAL STANDARD BOOK NUMBER | |
| International Standard Book Number | 0393033562 : |
| 082 00 - DEWEY DECIMAL CLASSIFICATION NUMBER | |
| Classification number | 690.21 |
| Author Mark | LEW |
| -- | N-01, P-111 |
| 100 1# - MAIN ENTRY--PERSONAL NAME | |
| Personal name | Levy, Matthys. |
| 9 (RLIN) | 42996 |
| 245 10 - TITLE STATEMENT | |
| Title | Why buildings fall down : |
| Remainder of title | how structures fail / |
| Statement of responsibility, etc. | Matthys Levy and Mario Salvadori ; illustrations by Kevin Woest. |
| 260 ## - PUBLICATION, DISTRIBUTION, ETC. | |
| Place of publication, distribution, etc. | New York : |
| Name of publisher, distributor, etc. | W.W. Norton, |
| Date of publication, distribution, etc. | 1992. |
| 300 ## - PHYSICAL DESCRIPTION | |
| Extent | 334 p. : |
| Other physical details | ill. ; |
| Dimensions | 24 cm. |
| 500 ## - GENERAL NOTE | |
| General note | Includes index. |
| 526 ## - STUDY PROGRAM INFORMATION NOTE | |
| Program name | 0 |
| Interest level | 0 |
| Reading level | 0 |
| Title point value | 690_210000000000000_LEW |
| 526 ## - STUDY PROGRAM INFORMATION NOTE | |
| Program name | 0 |
| Interest level | 0 |
| Reading level | 0 |
| Title point value | 690_210000000000000_LEW |
| 650 #0 - SUBJECT ADDED ENTRY--TOPICAL TERM | |
| Topical term or geographic name entry element | Building failures. |
| 650 #0 - SUBJECT ADDED ENTRY--TOPICAL TERM | |
| Topical term or geographic name entry element | MCE |
| 9 (RLIN) | 379 |
| 650 #0 - SUBJECT ADDED ENTRY--TOPICAL TERM | |
| Topical term or geographic name entry element | Structural failures. |
| 700 1# - ADDED ENTRY--PERSONAL NAME | |
| Personal name | Salvadori, Mario George, |
| 9 (RLIN) | 32251 |
| 942 ## - ADDED ENTRY ELEMENTS (KOHA) | |
| Source of classification or shelving scheme | |
| Koha item type | Book |
| Withdrawn status | Lost status | Source of classification or shelving scheme | Damaged status | Not for loan | Permanent Location | Current Location | Date acquired | Total Checkouts | Full call number | Barcode | Date last seen | Price effective from | Koha item type |
|---|---|---|---|---|---|---|---|---|---|---|---|---|---|
| Military College of Engineering (MCE) | Military College of Engineering (MCE) | 09/09/2014 | 690.21 LEW | MCE-37277 | 09/09/2014 | 09/09/2014 | Book | ||||||
| Military College of Engineering (MCE) | Military College of Engineering (MCE) | 09/09/2014 | 690.21 LEW | MCE-36612 | 09/09/2014 | 09/09/2014 | Book |
